| 000 | 01018nam a22002775i 4500 | ||
|---|---|---|---|
| 001 | 163829 | ||
| 003 | ES-MaACL | ||
| 005 | 20231222062613.0 | ||
| 008 | 050719q1904 sp a | |||||||| ||spa d | ||
| 100 | 1 |
_aRodríguez Serra, B. _9131955 |
|
| 245 | 1 | 0 |
_aIdilio roto / _cB. Rodríguez Serra ; prólogo de Juan Valera ; ilust. de Valera. |
| 260 |
_aMadrid : _bViuda de Rodríguez Serra, _c[ca. 1904] ( _fImp. Marzo) |
||
| 300 |
_aXVIII, 77 p. : _bil. ; _c14 cm. |
||
| 490 | 1 |
_aBiblioteca Mignon ; _v22 |
|
| 505 | 8 | _aContiene: Idilio roto ; Matías ; Un genio ; Amor ciego ; Regalo de Navidad | |
| 599 | _aRetr. del autor. | ||
| 700 | 1 |
_aValera, Juan, _d1824-1905 _9112638 |
|
| 700 | 1 |
_aCoullaut Valera, Lorenzo ( _d1876-1932) _9172578 |
|
| 740 | 0 | 2 | _aMatías. |
| 740 | 3 | 2 | _aUn genio. |
| 740 | 0 | 2 | _aAmor ciego. |
| 740 | 0 | 2 | _aRegalo de Navidad. |
| 830 | 1 |
_aBiblioteca Mignon ; _v22 _9186216 |
|
| 852 | 4 |
_aES-MaACL _jF-1205(2) _z- Enc. pasta española, conservando cub. original |
|
| 999 |
_c163829 _d163829 |
||